| 000 | 00773nam a22002057a 4500 | ||
|---|---|---|---|
| 005 | 20251108172952.0 | ||
| 008 | 250721s9999 xx 000 0 ara d | ||
| 082 | 1 | 4 | _a210.42331/نوف |
| 100 | 1 | _aنوفل، يوسف يونس | |
| 245 | 1 | 0 | _aالبيئة الصناعية مولدها رباني .......... محركها إيماني / |
| 264 | 1 |
_aالمنصورة : _bمكتبة جزيرو الورد، |
|
| 300 | _a80 ص | ||
| 490 | 0 | _aدائرة معارف بيئتنا الحضارية سفينتنا الربانية نحو فقه بيئي إسلامي معاصر | |
| 650 | 1 | 7 | _aالصناعة |
| 650 | 1 | 7 | _aالإسلام |
| 700 | 1 | _aعبدالغفار، أحمد | |
| 700 | 1 | _aالبديوي، محمد مختار | |
| 942 |
_2ddc _cBK |
||
| 999 |
_c93000 _d93000 |
||